000
00284nam a22001337a 4500
003
SGT
082
_a
617.96
_b
Y16Y
100
_a
YAO, FUN SUN F.
245
_a
YAO & ARTUSIOS ANESTHESIOLOGY
250
_a
8TH
260
_a
INDIA
_b
WOLTER
_c
2016
300
_a
1267
942
_2
ddc
_c
BK
999
_c
14828
_d
14828